F1 Winners: European Grand Prix - Statistics

General Stats
  • This quiz has been taken 746 times
  • The average score is 21 of 23
Answer Stats
Season Track Driver % Correct
1994 Jerez Michael Schumacher
99%
1995 Nürburgring Michael Schumacher
99%
2000 Nürburgring Michael Schumacher
99%
2001 Nürburgring Michael Schumacher
99%
2004 Nürburgring Michael Schumacher
99%
2006 Nürburgring Michael Schumacher
99%
2003 Nürburgring Ralf Schumacher
98%
2005 Nürburgring Fernando Alonso
97%
2007 Nürburgring Fernando Alonso
97%
2012 Valencia Fernando Alonso
97%
2010 Valencia Sebastian Vettel
97%
2011 Valencia Sebastian Vettel
97%
2016 Baku Nico Rosberg
95%
1993 Donington Park Ayrton Senna
94%
1984 Nürburgring Alain Prost
90%
2008 Valencia Felipe Massa
90%
1997 Jerez Mika Häkkinen
90%
2002 Nürburgring Rubens Barrichello
84%
2009 Valencia Rubens Barrichello
84%
1996 Nürburgring Jacques Villeneuve
79%
1985 Brands Hatch Nigel Mansell
78%
1983 Brands Hatch Nelson Piquet
74%
1999 Nürburgring Johnny Herbert
47%
No matching quizzes found
Score Distribution
Percent of People with Each Score
Percentile by Number Answered
Your Score History
You have not taken this quiz